000 00664nam a2200229 a 4500
005 20210219153243.0
008 991125n 000 0 eng u
035 _aUPN01000086135
100 _aYairi, Ehud
222 _aJOURNAL OF SPEECH, LANGUAGE, AND HEARING RESEARCH
245 _aA longitudinal study of stuttering in children : a preliminary report
300 _a755-760
362 _a35, No. 4, 1992
505 _aAgosto 1993
653 0 _aFRECUENCIA
653 0 _aINDICADORES EDUCATIVOS
653 0 _aPERFECCIONAMIENTO DEL HABLA
653 0 _aTARTAMUDEZ
700 _aAmbrose, Nicoline Grinager
904 _aAC
_b023946
905 _aArticulo
999 _c72170
_d72170